Т. 13, № 2; Микроэлектроника

Bibliografiske detaljer
Parent link:Микроэлектроника: научный журнал/ Академия наук СССР (АН СССР). Т. 13, № 2.— , 1973-2011.— 0544-1269
Sprog:russisk
Udgivet: 1984
Format: MixedMaterials Bog
KOHA link:https://koha.lib.tpu.ru/cgi-bin/koha/opac-detail.pl?biblionumber=506463

MARC

LEADER 00000nam2a2200000 4500
001 506463
005 20231101103227.0
035 |a (RuTPU)RU\TPU\prd\177379 
035 |a RU\TPU\prd\177378 
090 |a 506463 
100 |a 20130515a19849999k y0rusy50 ca 
101 0 |a rus 
102 |a RU 
200 0 |a Т. 13, № 2 
210 |d 1984 
461 1 |0 (RuTPU)RU\TPU\prd\1711  |x 0544-1269  |t Микроэлектроника  |o научный журнал  |f Академия наук СССР (АН СССР)  |v Т. 13, № 2  |d 1973-2011 
801 0 |a RU  |b 63413507  |c 20010227  |g PSBO 
801 1 |a RU  |b 63413507  |c 20110310 
801 2 |a RU  |b 63413507  |c 20130515  |g RCR 
942 |c BK 
999 |a НТБ_ТПУ  |b НФ  |e -4/20130109  |p П-6575  |u 0,00  |v 1